=LDR 00000nam 2200000 4500 =001 INLIS000000000030920 =005 20160618112756.0 =006 =007 =008 ind =035 ##$$0010-061300000030920 =041 ##$$a ind =082 ##$$a 028.5 =090 ##$$a 028.5, Ami s =100 ##$$a Amidjaja,Arleen =245 ##$$a Sepeda merah mike, Arleen Amidjaja ; editor, Imran laha =260 ##$$a 2008 $b Jakarta =300 ##$$a 24 hlm, ilus, 19 cm =650 ##$$a Bacaan Kanak-kanak =850 ##$$a NBPNMAT =990 ##$$a 2090101306/BPAP-NTB/2015